[Event "Zalakaros Barczay Memorial"]
[Site "Zalakaros"]
[Date "2022.06.06"]
[Round "2"]
[White "Jeszenszky, Jozsef"]
[Black "Gyorkos, Lajos"]
[Result "1/2-1/2"]
[WhiteElo "2056"]
[BlackElo "2254"]
[PlyCount "45"]
[EventDate "2022.06.05"]
[EventType "swiss"]
[EventRounds "9"]
[EventCountry "HUN"]
[SourceTitle "CBM 208 Extra"]
[Source "ChessBase"]
[SourceDate "2022.07.31"]
[SourceVersion "1"]
[SourceVersionDate "2022.07.31"]
[SourceQuality "1"]

1. d4 Nf6 2. c4 e6 3. Nc3 Bb4 4. e3 0-0 5. Bd2 d5 6. Nf3 c5 7. a3 Bxc3 8. Bxc3 Ne4 9. Rc1 cxd4 10. Qxd4 Nxc3 11. Qxc3 dxc4 12. Bxc4 Nc6 13. 0-0 Bd7 14. Rfd1 Qe7 15. Ne5 Nxe5 16. Qxe5 Bc6 17. Bd5 Bxd5 18. Rxd5 Rfd8 19. Rdc5 f6 20. Qc3 Rd7 21. g3 Rad8 22. Rc7 Kf7 23. Qa5 1/2-1/2

[Event "Zalakaros Barczay Memorial"]
[Site "Zalakaros"]
[Date "2020.09.03"]
[Round "4"]
[White "Jeszenszky, Jozsef"]
[Black "Dlauchy, Peter"]
[Result "0-1"]
[WhiteElo "2099"]
[BlackElo "1697"]
[PlyCount "116"]
[EventDate "2020.08.31"]
[EventType "swiss"]
[EventRounds "7"]
[EventCountry "HUN"]
[SourceTitle "CBM 198 Extra"]
[Source "ChessBase"]
[SourceDate "2020.11.30"]
[SourceVersion "1"]
[SourceVersionDate "2020.11.30"]
[SourceQuality "1"]

1. d4 d5 2. c4 e6 3. Nc3 Nf6 4. cxd5 exd5 5. Bg5 Be7 6. e3 c6 7. Bd3 Nbd7 8. h3 0-0 9. Qc2 Re8 10. Nf3 Nf8 11. 0-0 Ng6 12. Bxf6 Bxf6 13. b4 Bd7 14. Rab1 Rb8 15. b5 Qa5 16. bxc6 Bxc6 17. Rfc1 Rec8 18. Bf5 Re8 19. Nd2 Qd8 20. Na4 Be7 21. Nc5 Bd6 22. Ndb3 Kh8 23. Qd2 Nh4 24. Bg4 Qg5 25. f4 Qg6 26. Qf2 Nf5 27. Bxf5 Qxf5 28. Rd1 Bb5 29. a4 Bc4 30. g4 Qc8 31. Rbc1 b6 32. Nd3 Qa6 33. Rc3 Qxa4 34. Ra1 Qd7 35. Ne5 Bxe5 36. dxe5 Bxb3 37. Rxb3 Rbc8 38. Rd3 Qb5 39. Qd2 Rc5 40. Rxa7 Qb1+ 41. Kf2 Rc2 42. Rxf7 Rxd2+ 43. Rxd2 h6 44. Rd7 Rc8 45. e6 Rc1 46. e7 Rf1+ 47. Kg2 Rg1+ 48. Kh2 Rh1+ 49. Kg3 Qe1+ 50. Rf2 Qxe3+ 51. Rf3 Qe1+ 52. Rf2 Rg1+ 53. Kh4 Qxf2+ 54. Kh5 Re1 55. Kg6 Re6+ 56. Kf5 Rf6+ 57. Ke5 Qxf4+ 58. Kxd5 Qd2+ 0-1

[Event "Zalakaros Barczay Memorial"]
[Site "Zalakaros"]
[Date "2020.09.02"]
[Round "3"]
[White "Pasztor, Ferenc1111"]
[Black "Jeszenszky, Jozsef"]
[Result "1-0"]
[WhiteElo "2231"]
[BlackElo "2099"]
[PlyCount "79"]
[EventDate "2020.08.31"]
[EventType "swiss"]
[EventRounds "7"]
[EventCountry "HUN"]
[SourceTitle "CBM 198 Extra"]
[Source "ChessBase"]
[SourceDate "2020.11.30"]
[SourceVersion "1"]
[SourceVersionDate "2020.11.30"]
[SourceQuality "1"]

1. d4 d5 2. Nf3 Nf6 3. g3 c6 4. Bg2 Bf5 5. Nh4 e6 6. Nxf5 exf5 7. 0-0 Be7 8. b3 0-0 9. c4 Ne4 10. f3 Nf6 11. Nc3 Nbd7 12. Qd3 g6 13. Bh6 Re8 14. Rad1 Bb4 15. Nb1 Qe7 16. Rf2 Rad8 17. Qc2 Qe6 18. c5 Ba5 19. Bf4 Rc8 20. b4 Bc7 21. Bxc7 Rxc7 22. Nc3 Rcc8 23. a4 a6 24. Rd3 Nf8 25. Qd2 Kg7 26. Rf1 Rc7 27. Re1 Rce7 28. b5 axb5 29. axb5 Ra8 30. b6 Ree8 31. e4 fxe4 32. fxe4 dxe4 33. Bxe4 Qc4 34. Re2 Ra3 35. Bf3 Rxe2 36. Bxe2 Ne6 37. Kg2 h6 38. d5 Nxc5 39. Rf3 cxd5 40. Bxc4 1-0

[Event "EU-ch Online U2300 Final"]
[Site "Chess.com INT"]
[Date "2020.05.26"]
[Round "4"]
[White "Jeszenszky, Jozsef"]
[Black "Bruil, Rembrandt"]
[Result "1/2-1/2"]
[WhiteElo "2099"]
[BlackElo "2105"]
[PlyCount "90"]
[EventDate "2020.05.26"]
[EventType "swiss"]
[EventRounds "8"]
[EventCountry "NET"]
[SourceTitle "CBM 196 Extra"]
[Source "ChessBase"]
[SourceDate "2020.07.31"]
[SourceVersion "1"]
[SourceVersionDate "2020.07.31"]
[SourceQuality "1"]

1. d4 d6 2. e4 g6 3. c4 Bg7 4. Nc3 c6 5. Be3 Nf6 6. f3 a6 7. Bd3 b5 8. e5 Nfd7 9. f4 bxc4 10. Bxc4 Nb6 11. Bd3 Be6 12. Nf3 Nd5 13. Nxd5 Bxd5 14. 0-0 0-0 15. Ng5 Qb6 16. Nxh7 Kxh7 17. f5 Kg8 18. fxg6 fxg6 19. Rxf8+ Bxf8 20. Qg4 Qxb2 21. Qxg6+ Bg7 22. Rf1 Qxg2+ 23. Qxg2 Bxg2 24. Kxg2 Nd7 25. Bf5 Nb6 26. Be6+ Kh7 27. Rf7 dxe5 28. dxe5 Nd5 29. Bf2 Rf8 30. Bxd5 cxd5 31. Rxf8 Bxf8 32. Kf3 e6 33. Be3 Kg6 34. Kg4 Bh6 35. Bb6 Bd2 36. Bd4 Bc1 37. h4 Bd2 38. a3 Bc1 39. h5+ Kh7 40. a4 Bd2 41. Bc5 Bc1 42. Bb6 Bd2 43. Kf3 Kh6 44. Kg4 Bc1 45. Bf2 Bd2 1/2-1/2

[Event "EU-ch Online U2300 Final"]
[Site "Chess.com INT"]
[Date "2020.05.26"]
[Round "5"]
[White "Shapiro, David"]
[Black "Jeszenszky, Jozsef"]
[Result "1/2-1/2"]
[WhiteElo "2392"]
[BlackElo "2099"]
[PlyCount "118"]
[EventDate "2020.05.26"]
[EventType "swiss"]
[EventRounds "8"]
[EventCountry "NET"]
[SourceTitle "CBM 196 Extra"]
[Source "ChessBase"]
[SourceDate "2020.07.31"]
[SourceVersion "1"]
[SourceVersionDate "2020.07.31"]
[SourceQuality "1"]

1. d4 d5 2. Nc3 Nf6 3. Bf4 e6 4. e3 Bb4 5. Bd3 0-0 6. Nge2 c5 7. a3 Bxc3+ 8. Nxc3 b6 9. 0-0 Ba6 10. Bxa6 Nxa6 11. Qe2 Nc7 12. Rad1 Rc8 13. e4 cxd4 14. Rxd4 Re8 15. Be5 Nd7 16. Bxc7 Qxc7 17. exd5 exd5 18. Qf3 Nf6 19. h3 h6 20. Rc1 Qe5 21. Qd3 Rc5 22. Rd1 Rec8 23. Qf3 a5 24. Qf4 Qxf4 25. Rxf4 b5 26. Rfd4 Kf8 27. R1d2 R8c6 28. Nxd5 Rxc2 29. Nxf6 gxf6 30. g4 Kg7 31. Kg2 Kg6 32. Kg3 R2c4 33. Rxc4 bxc4 34. Rc2 f5 35. Kf4 fxg4 36. hxg4 Kf6 37. f3 Rc8 38. b3 c3 39. Ke4 Kg5 40. Kd4 Kf4 41. Rxc3 Rd8+ 42. Kc4 f5 43. Kb5 fxg4 44. fxg4 Kxg4 45. Rc4+ Kg3 46. Kxa5 h5 47. a4 h4 48. b4 h3 49. b5 h2 50. Rc1 Ra8+ 51. Kb4 Rh8 52. b6 h1Q 53. Rxh1 Rxh1 54. Kb5 Rb1+ 55. Kc6 Rc1+ 56. Kd6 Rd1+ 57. Kc6 Rc1+ 58. Kd6 Rd1+ 59. Kc6 Rc1+ 1/2-1/2

[Event "EU-ch Online U2300 Qual"]
[Site "Chess.com INT"]
[Date "2020.05.25"]
[Round "2"]
[White "Frenkel, Ran"]
[Black "Jeszenszky, Jozsef"]
[Result "0-1"]
[WhiteElo "2245"]
[BlackElo "2099"]
[PlyCount "96"]
[EventDate "2020.05.25"]
[EventType "swiss"]
[EventRounds "8"]
[EventCountry "NET"]
[SourceTitle "EXT 2021"]
[Source "ChessBase"]
[SourceDate "2020.10.23"]
[SourceVersion "1"]
[SourceVersionDate "2020.10.23"]
[SourceQuality "1"]

1. d4 d5 2. c4 e6 3. Nc3 c6 4. e4 dxe4 5. Nxe4 Bb4+ 6. Nc3 Nf6 7. Nf3 Nbd7 8. Bd3 0-0 9. 0-0 b6 10. Qe2 Bb7 11. Bg5 h6 12. Bh4 Qc7 13. Rad1 c5 14. Nb5 Qf4 15. Bg3 Bxf3 16. Bxf4 Bxe2 17. Bxe2 a6 18. Nc7 Ra7 19. Bd6 Rc8 20. a3 Ba5 21. b4 cxb4 22. axb4 Bxb4 23. Bxb4 Raxc7 24. Ra1 a5 25. Bd6 Rxc4 26. Bxc4 Rxc4 27. Be5 Nd5 28. Rfc1 Nxe5 29. dxe5 Re4 30. Re1 Rc4 31. Rec1 Rd4 32. Rd1 Rf4 33. g3 Re4 34. Re1 Rb4 35. Reb1 Rg4 36. Kg2 g5 37. Kf3 h5 38. h3 Rd4 39. Rd1 g4+ 40. hxg4 hxg4+ 41. Kg2 Rxd1 42. Rxd1 Kg7 43. Rd4 b5 44. Rxg4+ Kf8 45. Rd4 b4 46. Kf3 a4 47. Ke4 a3 48. Rd1 Nc3+ 0-1

[Event "EU-ch Online U2300 Qual"]
[Site "Chess.com INT"]
[Date "2020.05.25"]
[Round "4"]
[White "Jeszenszky, Jozsef"]
[Black "Jakubowska, Anna"]
[Result "1-0"]
[WhiteElo "2099"]
[BlackElo "2073"]
[PlyCount "107"]
[EventDate "2020.05.25"]
[EventType "swiss"]
[EventRounds "8"]
[EventCountry "NET"]
[SourceTitle "EXT 2021"]
[Source "ChessBase"]
[SourceDate "2020.10.23"]
[SourceVersion "1"]
[SourceVersionDate "2020.10.23"]
[SourceQuality "1"]

1. d4 d5 2. c4 c6 3. cxd5 cxd5 4. Bf4 Nc6 5. e3 a6 6. Bd3 Nf6 7. Nc3 e6 8. Rc1 Be7 9. Nf3 0-0 10. 0-0 Bd7 11. h3 b5 12. Ne5 Rc8 13. a4 b4 14. Nb1 Qb6 15. Bg5 Rfd8 16. Nd2 h6 17. Bh4 Be8 18. Nb3 g5 19. Bg3 Nxe5 20. Bxe5 Bxa4 21. Ra1 Bb5 22. Bxb5 Qxb5 23. Nc5 Nd7 24. Nxa6 Nxe5 25. dxe5 b3 26. f4 Rc6 27. fxg5 Bxg5 28. Qg4 Kf8 29. h4 Bxe3+ 30. Kh2 Rxa6 31. Qg6 Rd7 32. Qf6 Rxa1 33. Rxa1 Ba7 34. Rc1 Qb8 35. Qxh6+ Kg8 36. Rc3 Qxe5+ 37. Rg3+ Qxg3+ 38. Kxg3 d4 39. Qg5+ Kf8 40. Qb5 Ke7 41. Qd3 f5 42. h5 Bb8+ 43. Kf2 Be5 44. h6 Kf6 45. Qxb3 d3 46. Ke1 d2+ 47. Kd1 Bf4 48. Qc3+ Kg6 49. Qc4 Kg5 50. g3 Bxg3 51. Qxe6 Rd6 52. Qg8+ Kxh6 53. Qxg3 Rd5 54. Qe3+ 1-0

[Event "EU-ch Online U2300 Qual"]
[Site "Chess.com INT"]
[Date "2020.05.25"]
[Round "1"]
[White "Jeszenszky, Jozsef"]
[Black "Zpevakova, Jana"]
[Result "1-0"]
[WhiteElo "2099"]
[BlackElo "2106"]
[PlyCount "73"]
[EventDate "2020.05.25"]
[EventType "swiss"]
[EventRounds "8"]
[EventCountry "NET"]
[SourceTitle "EXT 2021"]
[Source "ChessBase"]
[SourceDate "2020.10.23"]
[SourceVersion "1"]
[SourceVersionDate "2020.10.23"]
[SourceQuality "1"]

1. d4 d5 2. c4 e6 3. Nc3 Nf6 4. cxd5 exd5 5. Bg5 Be7 6. e3 0-0 7. Bd3 c6 8. h3 Re8 9. Qc2 Ne4 10. Bf4 f5 11. Nge2 Bf6 12. 0-0 Nd7 13. Rab1 a5 14. a3 Nf8 15. b4 axb4 16. axb4 Ng6 17. Bh2 Nh4 18. b5 Qe7 19. Rb3 g5 20. Rfb1 g4 21. hxg4 fxg4 22. Nxe4 dxe4 23. Bc4+ Kg7 24. bxc6 bxc6 25. Rb8 Rxb8 26. Rxb8 Bf5 27. Rxe8 Qxe8 28. Qb2 Qa8 29. Be5 Ng6 30. Bxf6+ Kxf6 31. d5+ Kg5 32. d6 Qa4 33. Qd4 Qb4 34. Ng3 Qe1+ 35. Kh2 Qxf2 36. d7 Bxd7 37. Nxe4+ 1-0

[Event "EU-ch Online U2300 Qual"]
[Site "Chess.com INT"]
[Date "2020.05.25"]
[Round "7"]
[White "Ruperez Benito, Antonio"]
[Black "Jeszenszky, Jozsef"]
[Result "1/2-1/2"]
[WhiteElo "2356"]
[BlackElo "2099"]
[PlyCount "21"]
[EventDate "2020.05.25"]
[EventType "swiss"]
[EventRounds "8"]
[EventCountry "NET"]
[SourceTitle "EXT 2021"]
[Source "ChessBase"]
[SourceDate "2020.10.23"]
[SourceVersion "1"]
[SourceVersionDate "2020.10.23"]
[SourceQuality "1"]

1. e4 e6 2. b3 d5 3. Bb2 dxe4 4. Nc3 Nf6 5. Qe2 Bb4 6. 0-0-0 c6 7. Nxe4 Nbd7 8. g4 0-0 9. g5 Nxe4 10. Qxe4 Bd6 11. Bd3 1/2-1/2

[Event "Osijek Baranja CupT 13th"]
[Site "Valpovo"]
[Date "2020.02.23"]
[Round "5.2"]
[White "Jeszenszky, Jozsef"]
[Black "Berke, Ana"]
[Result "1-0"]
[WhiteElo "2117"]
[BlackElo "2113"]
[PlyCount "145"]
[EventDate "2020.02.21"]
[EventType "team-swiss"]
[EventRounds "5"]
[EventCountry "CRO"]
[SourceTitle "EXT 2023"]
[Source "ChessBase"]
[SourceDate "2022.10.05"]
[SourceVersion "1"]
[SourceVersionDate "2022.10.05"]
[SourceQuality "1"]
[WhiteTeam "Donji Miholjac"]
[BlackTeam "Belisce"]
[WhiteTeamCountry "CRO"]
[BlackTeamCountry "CRO"]

1. d4 d5 2. c4 e6 3. Nf3 a6 4. e3 Nf6 5. Bd3 dxc4 6. Bxc4 b5 7. Bd3 c5 8. 0-0 c4 9. Be2 Be7 10. a4 Bb7 11. axb5 axb5 12. Rxa8 Bxa8 13. b3 Bd5 14. bxc4 bxc4 15. Bxc4 0-0 16. Bxd5 Qxd5 17. Ba3 Bxa3 18. Nxa3 Nc6 19. Qa4 h6 20. Rc1 Ne7 21. Qb5 Qa2 22. Nc4 Rc8 23. Nfd2 Ned5 24. Qb3 Qa6 25. Rb1 Rc7 26. h3 Kh7 27. Qd3+ g6 28. Ne5 Qa2 29. Ndc4 Qa6 30. Qa3 Qxa3 31. Nxa3 Ne4 32. Nb5 Rc2 33. Nxf7 Nxf2 34. Na3 Ra2 35. Nc4 Ra7 36. Nfd6 Nd3 37. Rb7+ Rxb7 38. Nxb7 Kg7 39. Kf1 Kf6 40. Ke2 N3b4 41. Nc5 g5 42. Kf3 h5 43. g4 hxg4+ 44. Kxg4 Nc2 45. Kf3 Ne7 46. Kg4 Nd5 47. Kf3 Ne7 48. Ne5 Nd5 49. Ng4+ Kf7 50. Ke4 Ne1 51. Ke5 Nc7 52. Kd6 Nd5 53. Ke5 Nc7 54. Ne4 Nf3+ 55. Kd6 Nd5 56. Ne5+ Nxe5 57. Kxe5 Kg6 58. Kxe6 Nxe3 59. d5 Nxd5 60. Kxd5 Kh5 61. Ke5 Kg6 62. Ke6 Kh5 63. Kf5 Kh4 64. Nxg5 Kh5 65. Nf3 Kh6 66. Kg4 Kg6 67. h4 Kh6 68. Ne5 Kg7 69. Kg5 Kh7 70. h5 Kg7 71. h6+ Kh7 72. Nf7 Kg8 73. Kg6 1-0

[Event "SSOBZ Cup Team 12th"]
[Site "Valpovo"]
[Date "2019.02.17"]
[Round "5.3"]
[White "Jeszenszky, Jozsef"]
[Black "Cajzler, Hinko"]
[Result "1-0"]
[WhiteElo "2030"]
[BlackElo "2118"]
[PlyCount "88"]
[EventDate "2019.02.15"]
[EventType "team-swiss"]
[EventRounds "5"]
[EventCountry "CRO"]
[SourceTitle "CBM 189 Extra"]
[Source "ChessBase"]
[SourceDate "2019.06.03"]
[SourceVersion "1"]
[SourceVersionDate "2019.06.03"]
[SourceQuality "1"]
[WhiteTeam "Donji Miholjac"]
[BlackTeam "Osijek Hvidra"]
[WhiteTeamCountry "CRO"]
[BlackTeamCountry "CRO"]

1. d4 Nf6 2. c4 c5 3. d5 e6 4. Nc3 exd5 5. cxd5 d6 6. e4 g6 7. f3 Bg7 8. Bg5 h6 9. Be3 a6 10. a4 0-0 11. Qd2 Kh7 12. Be2 Re8 13. Rc1 Qe7 14. a5 Nbd7 15. Nh3 Ne5 16. Nf2 Rb8 17. Na4 Ned7 18. b4 cxb4 19. 0-0 Qd8 20. Nb6 Nxb6 21. Bxb6 Qe7 22. Bc7 Ra8 23. Bd1 Rf8 24. Qxb4 Ne8 25. Bb6 Bd7 26. Ba4 Rc8 27. Rxc8 Bxc8 28. Rc1 Bd7 29. Bxd7 Qxd7 30. Qc4 Kg8 31. Qc8 Qb5 32. Qxb7 Bd4 33. Qc6 Bxf2+ 34. Kxf2 Qb2+ 35. Rc2 Qe5 36. g3 Qh5 37. Kg2 f5 38. Qd7 fxe4 39. Qe6+ Kh7 40. Qxe4 Qf5 41. Bd4 h5 42. Rc6 Qd7 43. Rxa6 Nc7 44. Ra7 Rf7 1-0

[Event "HUN-chT2 Charousek 1819"]
[Site "Hungary"]
[Date "2019.01.27"]
[Round "6.9"]
[White "Jeszenszky, Jozsef"]
[Black "Berta, Tibor"]
[Result "1/2-1/2"]
[WhiteElo "2025"]
[BlackElo "2068"]
[PlyCount "99"]
[EventDate "2018.09.23"]
[EventType "team-tourn"]
[EventRounds "11"]
[EventCountry "HUN"]
[SourceTitle "CBM 189 Extra"]
[Source "ChessBase"]
[SourceDate "2019.06.03"]
[SourceVersion "1"]
[SourceVersionDate "2019.06.03"]
[SourceQuality "1"]
[WhiteTeam "Komlo Banyasz"]
[BlackTeam "Paks ASE II"]
[WhiteTeamCountry "HUN"]
[BlackTeamCountry "HUN"]

1. e4 Nf6 2. e5 Nd5 3. d4 d6 4. Nf3 g6 5. Bc4 Nb6 6. Bb3 Bg7 7. Ng5 e6 8. f4 0-0 9. 0-0 Qe7 10. Be3 N8d7 11. Qf3 d5 12. Qe2 c5 13. c3 a6 14. a4 cxd4 15. cxd4 Qb4 16. Qc2 Nb8 17. Nf3 Bd7 18. Bd2 Qe7 19. Qc7 Nc4 20. Bxc4 dxc4 21. Qxc4 Rc8 22. Qb3 b5 23. Nc3 b4 24. Ne4 a5 25. Nd6 Rc6 26. Rfc1 Raa6 27. Be3 h6 28. Nd2 Rxc1+ 29. Rxc1 Bc6 30. N2e4 Kh7 31. Bf2 Bd5 32. Qh3 Bxe4 33. Nxe4 Rc6 34. Rxc6 Nxc6 35. Qd3 Qd8 36. Nd6 Kg8 37. d5 exd5 38. Qxd5 Qd7 39. Bb6 Bf8 40. Bc5 Nd8 41. b3 Qg4 42. Ne4 Bxc5+ 43. Nxc5 Qc8 44. Kf2 h5 45. Ke3 Qc7 46. Qd6 Qc8 47. h3 Nb7 48. Nxb7 Qxb7 49. Qd8+ Kg7 50. Qxa5 1/2-1/2

[Event "HUN-chT2 Charousek 1819"]
[Site "Hungary"]
[Date "2018.11.18"]
[Round "4.8"]
[White "Jeszenszky, Jozsef"]
[Black "Nagy, Kristof"]
[Result "1/2-1/2"]
[WhiteElo "2025"]
[BlackElo "2144"]
[PlyCount "81"]
[EventDate "2018.09.23"]
[EventType "team-tourn"]
[EventRounds "11"]
[EventCountry "HUN"]
[SourceTitle "CBM 189 Extra"]
[Source "ChessBase"]
[SourceDate "2019.06.03"]
[SourceVersion "1"]
[SourceVersionDate "2019.06.03"]
[SourceQuality "1"]
[WhiteTeam "Komlo Banyasz"]
[BlackTeam "Szentgotthard Alsoszolnok"]
[WhiteTeamCountry "HUN"]
[BlackTeamCountry "HUN"]

1. d4 d5 2. c4 e6 3. Nc3 Nf6 4. cxd5 exd5 5. Bg5 c6 6. e3 Be7 7. Bd3 0-0 8. h3 Nbd7 9. Qc2 h6 10. Bf4 Re8 11. Nf3 a6 12. 0-0 Nf8 13. Rab1 Ne6 14. Bh2 c5 15. dxc5 Nxc5 16. Be2 Be6 17. Nd4 Qc8 18. Rbc1 Qd7 19. f4 Bd6 20. Kh1 Qe7 21. Bf3 Rac8 22. Qb1 Nce4 23. Nxe4 dxe4 24. Bd1 Bxa2 25. Qa1 Bc4 26. Nf5 Qd7 27. Nxd6 Qxd6 28. Re1 Bd3 29. Bb3 Rxc1 30. Rxc1 Re7 31. Qa5 b6 32. Qc3 Qc5 33. Qxc5 bxc5 34. Rxc5 Rb7 35. Rc3 Kf8 36. Bg3 Ne8 37. Bh4 f6 38. Be1 Nd6 39. g4 Ke7 40. Kg2 Nb5 41. Rc1 1/2-1/2

[Event "HUN-chT2 Charousek 1718"]
[Site "Hungary"]
[Date "2018.03.25"]
[Round "8.9"]
[White "Jeszenszky, Jozsef"]
[Black "Marton, Jozsef"]
[Result "0-1"]
[WhiteElo "2058"]
[BlackElo "2083"]
[PlyCount "84"]
[EventDate "2017.10.29"]
[EventType "team-tourn"]
[EventRounds "9"]
[EventCountry "HUN"]
[SourceTitle "EXT 2020"]
[Source "ChessBase"]
[SourceDate "2019.10.17"]
[SourceVersion "1"]
[SourceVersionDate "2019.10.17"]
[SourceQuality "1"]
[WhiteTeam "Komlo Banyasz"]
[BlackTeam "Tapolca Rockwool"]
[WhiteTeamCountry "HUN"]
[BlackTeamCountry "HUN"]

1. d4 Nf6 2. c4 e6 3. Nc3 d5 4. cxd5 exd5 5. Bg5 Be7 6. e3 0-0 7. Bd3 h6 8. Bh4 b6 9. Qc2 Bb7 10. Nf3 c5 11. Ne5 Nc6 12. Bf5 cxd4 13. Nxc6 Bxc6 14. Ne2 Bb4+ 15. Kd1 Bb7 16. Nxd4 Be7 17. Nc6 Bxc6 18. Qxc6 Ne4 19. Bxe7 Qxe7 20. Ke2 Qb4 21. Qc2 Qb5+ 22. Kf3 Rae8 23. Rhd1 Re5 24. Kf4 Rfe8 25. a4 Qb4 26. Rd4 Qd6 27. Rad1 Rxf5+ 28. Kxf5 Re5+ 29. Kg4 Qg6+ 30. Kf3 Ng5+ 31. Kf4 Qxc2 32. Kxe5 Qxf2 33. Kxd5 Qxg2+ 34. e4 Qxb2 35. e5 Qxh2 36. Kc6 Ne6 37. Rd5 Qc2+ 38. Kb7 Qc7+ 39. Ka6 Nc5+ 40. Kb5 a6+ 41. Kb4 Qc6 42. Rd8+ Kh7 0-1

[Event "HUN-chT2 Asztalos 1718"]
[Site "Hungary"]
[Date "2017.12.17"]
[Round "4.1"]
[White "Jeszenszky, Jozsef"]
[Black "Janoshalmi, Attila"]
[Result "1/2-1/2"]
[WhiteElo "2029"]
[BlackElo "2236"]
[PlyCount "31"]
[EventDate "2017.10.29"]
[EventType "team-tourn"]
[EventRounds "9"]
[EventCountry "HUN"]
[SourceTitle "EXT 2021"]
[Source "ChessBase"]
[SourceDate "2020.10.23"]
[SourceVersion "1"]
[SourceVersionDate "2020.10.23"]
[SourceQuality "1"]
[WhiteTeam "Komlo Banyasz II"]
[BlackTeam "Kiraly Sakk"]
[WhiteTeamCountry "HUN"]
[BlackTeamCountry "HUN"]

1. d4 d5 2. c4 e6 3. Nc3 Nf6 4. cxd5 exd5 5. Bg5 Be7 6. e3 0-0 7. Bd3 Nbd7 8. h3 c6 9. Qc2 Re8 10. Nf3 Ne4 11. Bf4 Bb4 12. 0-0 Qe7 13. a3 Bxc3 14. bxc3 Nf8 15. c4 Ng6 16. Bh2 1/2-1/2

[Event "HUN-chT2 Asztalos 1617"]
[Site "Hungary"]
[Date "2017.01.29"]
[Round "7.3"]
[White "Javor, Sandor"]
[Black "Jeszenszky, Jozsef"]
[Result "0-1"]
[WhiteElo "2164"]
[BlackElo "2091"]
[PlyCount "54"]
[EventDate "2016.09.25"]
[EventType "team-tourn"]
[EventRounds "11"]
[EventCountry "HUN"]
[SourceTitle "EXT 2021"]
[Source "ChessBase"]
[SourceDate "2020.10.23"]
[SourceVersion "1"]
[SourceVersionDate "2020.10.23"]
[SourceQuality "1"]
[WhiteTeam "Baja"]
[BlackTeam "Szentlorinc"]
[WhiteTeamCountry "HUN"]
[BlackTeamCountry "HUN"]

1. f4 g6 2. Nf3 Bg7 3. e4 d6 4. c4 Nf6 5. Nc3 0-0 6. d3 c5 7. g3 Nc6 8. Bg2 Rb8 9. 0-0 a6 10. a4 Bd7 11. h3 Nb4 12. Kh2 Qc7 13. Qe2 b5 14. axb5 axb5 15. Nd5 Nfxd5 16. cxd5 c4 17. d4 Nd3 18. Be3 b4 19. Ne1 Bb5 20. Nxd3 cxd3 21. Qd2 Qc2 22. Qxb4 Bc4 23. Qc3 Rxb2 24. Qxc2 dxc2 25. Rfc1 Rfb8 26. Bf1 Bxf1 27. Rxf1 c1Q+ 0-1

[Event "Budapest Titan Cup 1st"]
[Site "Budapest"]
[Date "2017.01.08"]
[Round "4"]
[White "Jeszenszky, Jozsef"]
[Black "Orso, Miklos"]
[Result "0-1"]
[WhiteElo "2091"]
[BlackElo "2286"]
[PlyCount "70"]
[EventDate "2017.01.06"]
[EventType "swiss"]
[EventRounds "5"]
[EventCountry "HUN"]
[SourceTitle "CBM 176 Extra"]
[Source "ChessBase"]
[SourceDate "2017.03.02"]
[SourceVersion "1"]
[SourceVersionDate "2017.03.02"]
[SourceQuality "1"]

1. d4 Nf6 2. c4 g6 3. f3 c5 4. d5 e6 5. e4 exd5 6. cxd5 Bg7 7. Nc3 0-0 8. Bg5 d6 9. Qd2 a6 10. a4 Nbd7 11. Nge2 Qa5 12. Ra3 Re8 13. Ng3 Qb4 14. Be2 Rb8 15. 0-0 b5 16. axb5 axb5 17. Rfa1 c4 18. Ra7 Nc5 19. R1a3 Nfd7 20. Rc7 Rb7 21. Rxb7 Bxb7 22. Be3 Nb3 23. Qc2 Bd4 24. Bxd4 Nxd4 25. Qd2 Qc5 26. Kh1 b4 27. Na4 Qb5 28. Ra2 Nxe2 29. Nxe2 Ra8 30. Nd4 c3 31. Qd1 Qc4 32. b3 Qc7 33. Qc1 Nc5 34. Qg5 Nxa4 35. bxa4 Qc4 0-1

[Event "Budapest Titan Cup 1st"]
[Site "Budapest"]
[Date "2017.01.07"]
[Round "2"]
[White "Jeszenszky, Jozsef"]
[Black "Virag, Balint"]
[Result "1/2-1/2"]
[WhiteElo "2091"]
[BlackElo "1844"]
[PlyCount "86"]
[EventDate "2017.01.06"]
[EventType "swiss"]
[EventRounds "5"]
[EventCountry "HUN"]
[SourceTitle "CBM 176 Extra"]
[Source "ChessBase"]
[SourceDate "2017.03.02"]
[SourceVersion "1"]
[SourceVersionDate "2017.03.02"]
[SourceQuality "1"]

1. d4 Nf6 2. c4 c5 3. d5 b5 4. cxb5 a6 5. bxa6 g6 6. Nc3 Bg7 7. e4 Qa5 8. Bd2 Qb4 9. Qc2 0-0 10. Nf3 d6 11. h3 Nxa6 12. Be2 Qb6 13. Nb5 Bd7 14. a4 Nb4 15. Qb1 Nfxd5 16. exd5 Bf5 17. Qc1 Nc2+ 18. Kf1 Nxa1 19. Qxa1 Bd7 20. Qa3 Qb7 21. Bc4 Bxb5 22. Bxb5 Qxd5 23. Bc3 Bh6 24. Qa1 c4 25. Nd4 Bg7 26. Bc6 Qc5 27. Bxa8 Bxd4 28. Bxd4 Qxd4 29. Bf3 Rb8 30. Kg1 Rxb2 31. Kh2 c3 32. Rc1 Qb4 33. a5 c2 34. a6 Qf4+ 35. g3 Qxf3 36. Qxb2 Qxf2+ 37. Kh1 Qf3+ 38. Kh2 Qf2+ 39. Kh1 Qf3+ 40. Kg1 Qxg3+ 41. Kf1 Qf3+ 42. Ke1 Qe3+ 43. Kf1 Qf3+ 1/2-1/2

[Event "HUN-chT2 Asztalos 1617"]
[Site "Hungary"]
[Date "2016.12.11"]
[Round "6.4"]
[White "Kadlicsko, Jozsef"]
[Black "Jeszenszky, Jozsef"]
[Result "0-1"]
[WhiteElo "2122"]
[BlackElo "2061"]
[PlyCount "76"]
[EventDate "2016.09.25"]
[EventType "team-tourn"]
[EventRounds "11"]
[EventCountry "HUN"]
[SourceTitle "EXT 2021"]
[Source "ChessBase"]
[SourceDate "2020.10.23"]
[SourceVersion "1"]
[SourceVersionDate "2020.10.23"]
[SourceQuality "1"]
[WhiteTeam "Kaposvar Bastya"]
[BlackTeam "Szentlorinc"]
[WhiteTeamCountry "HUN"]
[BlackTeamCountry "HUN"]

1. Nf3 Nf6 2. c4 g6 3. Nc3 Bg7 4. e4 d6 5. d4 0-0 6. Be2 Nbd7 7. h3 e5 8. d5 Nc5 9. Qc2 a5 10. Be3 Ne8 11. 0-0-0 Bd7 12. g4 c6 13. Qd2 cxd5 14. Bxc5 dxc5 15. Qxd5 Nf6 16. Qxc5 Rc8 17. Qe3 Re8 18. Nb5 Bf8 19. Nd6 Bxd6 20. Rxd6 Qe7 21. Rhd1 Bc6 22. g5 Nh5 23. Nh2 Nf4 24. Bg4 Rcd8 25. c5 Rxd6 26. cxd6 Qxg5 27. d7 Rd8 28. Kb1 h5 29. Be2 Rxd7 30. Rxd7 Bxd7 31. Nf3 Qe7 32. h4 Nxe2 33. Qxe2 Bg4 34. Qd3 Bxf3 35. Qxf3 Qxh4 36. a4 Qg4 37. Qh1 h4 38. f3 Qg3 0-1